Normal view
MARC view
- Palwasha Rauf
Entry Personal Name
001 - CONTROL NUMBER
- control field: 15182
003 - CONTROL NUMBER IDENTIFIER
- control field: NUST
005 - DATE AND TIME OF LATEST TRANSACTION
- control field: 20190620074058.0
008 - FIXED-LENGTH DATA ELEMENTS
- fixed length control field: 190620|| aca||aabn | a|a d
040 ## - CATALOGING SOURCE
- Original cataloging agency: NUST
- Transcribing agency: NUST
100 ## - HEADING--PERSONAL NAME
- Personal name: Palwasha Rauf
670 ## - SOURCE DATA FOUND
- Source citation: Work cat.: (NUST): Palwasha Rauf, Comparison of Nonlinear Controllers for Speed Control of Motor, 2018
